000 00476pab a2200181 454500
008 180718b2007 xxu||||| |||| 00| 0 eng d
100 _aBorck, Rainald
245 _aConsumption and social life in cities: evidence from Germany
260 _c2007
300 _ap.2105-121.
362 _aOct
650 _aConsumption - Germany
650 _aSocial participation - Germany
650 _aSocial participation
773 _aUrban Studies
908 _aN
909 _a77229
999 _c77229
_d77229